| 000 | 01483ngm a22003490a 4500 | ||
|---|---|---|---|
| 001 | PT16551 | ||
| 003 | AR-LpoUNG | ||
| 005 | 20210202000214.0 | ||
| 007 | vd cvaizq | ||
| 008 | 191001s2001||||ag |||||||||||||||||spa d | ||
| 037 | _c$8.30 | ||
| 040 |
_aAR-LpoUNG _bspa _cAR-LpoUNG _eaacr |
||
| 041 | _aspa | ||
| 044 | _aag | ||
| 082 | 0 | _a909 532v21 | |
| 245 | 1 | 3 |
_aLa revolución industrial : _bel mundo industrial |
| 260 |
_aBuenos Aires : _bKalender Video Argentina, _c2001. |
||
| 300 | _aVHS (56 min.) : son., byn, col. | ||
| 520 | _aEn esta época los últimos vestigios del antiguo régimen pretendieron defender las antiguas clases dirigentes sin éxito, y fueron borrados por las fuerzas surgidas de la revolución industrial. Aunque todavía predominan los factores de la economia tradicional, surge pujante y apoyada en el sustento ideologco que le ofrece el liberalismo una burguesia autosatisfecha y conformista que contemplara impávida la depauperización constante de las masas proletarias y la aparicion del socialismo científico de Marx y Engels, con quienes conseguiran nueva dimensión y doctrina. | ||
| 650 | 4 | _aANALISIS HISTORICO | |
| 650 | 4 | _aHISTORIA | |
| 650 | 4 | _aMARXISMO | |
| 650 | 4 | _aOBREROS INDUSTRIALES | |
| 650 | 4 | _aSOCIALISMO | |
| 650 | 4 | _aSOCIEDAD INDUSTRIAL | |
| 650 | 4 | _aTRABAJADORES | |
| 653 | _aVIDEOS | ||
| 653 | _aVIDEOS DIDACTICOS | ||
| 710 | 2 | _aMetropolitan Museum of Art (New York) | |
| 905 | _a16551 | ||
| 942 | _cVIDEO | ||
| 999 |
_c54334 _d54334 |
||